Online deformation measurement using 2D photogrammetry

Guardado en:
Detalles Bibliográficos
Autor principal: Hideghéty, Andrej (Autor)
Otros Autores: Fraštia, Marek (Orientador)
Formato: Manuscrito Libro
Lenguaje:eslovaco
inglés
Publicado: 2023
Materias:
Acceso en línea:http://is.stuba.sk/zp/portal_zp.pl?podrobnosti=159388
Etiquetas: Agregar Etiqueta
Sin Etiquetas, Sea el primero en etiquetar este registro!

MARC

LEADER 00000ntm a22000003a 4500
001 stuzp76329
003 SK-STU
005 20230909210538.2
007 ta
008 150427s2015----xo-----f-mn---000-0-slo-d
040 |a STU  |b slo 
041 0 |a eng 
100 1 |a Hideghéty, Andrej  |u 010140  |4 aut  |U SvF Stavebná fakulta  |T SvF Katedra geodézie  |X 75830  |U V140  |Y 14  |7 75830 
242 0 1 |a Online meranie deformácií pomocou 2D fotogrametrie  |y slo 
245 1 0 |a Online deformation measurement using 2D photogrammetry 
260 |c 2023 
650 4 |a Fotogrametria  |2 slo 
650 4 |a posuny  |2 slo 
650 4 |a pretvorenia  |2 slo 
650 4 |a Edge-ellipse  |2 slo 
650 4 |a online  |2 slo 
650 4 |a spracovanie  |2 slo 
650 4 |a processing  |2 eng 
650 4 |a Photogrammetry  |2 eng 
650 4 |a displacement  |2 eng 
650 4 |a Edge-ellipse  |2 eng 
650 4 |a online  |2 eng 
650 4 |a deformation  |2 eng 
700 1 |a Fraštia, Marek  |u 010140  |k Z1  |4 ths  |U SvF Stavebná fakulta  |T SvF Katedra geodézie  |X 930  |U V140  |Y 14  |7 A000000930 
856 4 |u http://is.stuba.sk/zp/portal_zp.pl?podrobnosti=159388